|
|
|
|
| LEADER |
00000nam0a2200000 4500 |
| 001 |
45367 |
| 005 |
20231101210939.0 |
| 010 |
|
|
|a 5772900900
|
| 035 |
|
|
|a (RuTPU)RU\TPU\book\47157
|
| 090 |
|
|
|a 45367
|
| 100 |
|
|
|a 20021209d2002 m y0rusy50 ca
|
| 101 |
0 |
|
|a rus
|
| 102 |
|
|
|a RU
|
| 105 |
|
|
|a y j 000zy
|
| 200 |
1 |
|
|a История государственного управления в России
|e учебник
|f Н. Ю. Болотина, Г. А. Герасименко, К. В. Гусев и др.
|g Российская Академия Государственной службы при Президенте РФ; Северо-Кавказская академия государственной службы; Волгоградская академия государственной службы; Под ред. Р. Г. Пихои
|
| 210 |
|
|
|a Москва
|c Изд-во РАГС
|d 2002
|
| 215 |
|
|
|a 382 с.
|
| 225 |
1 |
|
|a Учебники Российской академии государственной службы при Президенте Российской Федерации
|
| 451 |
|
1 |
|0 (RuTPU)RU\TPU\book\128966
|y 5-7729-0201-1
|t История государственного управления в России
|o учебник
|f Российская академия государственной службы при Президенте РФ; Северо-Кавказская академия государственной службы; Волгоградская академия государственной службы; под ред. Р. Г. Пихои
|e 4-е изд., доп. и перераб.
|c М.
|n Изд-во РАГС
|d 2006
|p 440 с.
|s Учебники Российской академии государственной службы при Президенте Российской Федерации
|
| 610 |
1 |
|
|a право
|
| 610 |
1 |
|
|a административное право
|
| 610 |
1 |
|
|a государственное управление
|
| 610 |
1 |
|
|a история
|
| 610 |
1 |
|
|a Россия
|
| 610 |
1 |
|
|a Древняя Русь
|
| 610 |
1 |
|
|a Русское государство
|
| 610 |
1 |
|
|a 15 век
|
| 610 |
1 |
|
|a 16 век
|
| 610 |
1 |
|
|a 17 век
|
| 610 |
1 |
|
|a 18 век
|
| 610 |
1 |
|
|a 19 век
|
| 610 |
1 |
|
|a государственный аппарат
|
| 610 |
1 |
|
|a абсолютизм
|
| 610 |
1 |
|
|a земства
|
| 610 |
1 |
|
|a реформы
|
| 610 |
1 |
|
|a конституционная монархия
|
| 610 |
1 |
|
|a СССР
|
| 610 |
1 |
|
|a советская система управления
|
| 610 |
1 |
|
|a 20 век
|
| 610 |
1 |
|
|a кризисы
|
| 610 |
1 |
|
|a учебники
|
| 686 |
|
|
|a Х2(2)я73
|v LBC/SL-A
|2 rubbk
|
| 686 |
|
|
|a Х621я73
|v LBC/SL-A
|2 rubbk
|
| 701 |
|
1 |
|a Болотина
|b Н. Ю.
|
| 701 |
|
1 |
|a Герасименко
|b Г. А.
|
| 701 |
|
1 |
|a Гусев
|b К. В.
|
| 701 |
|
1 |
|a Игнатов
|b В. Г.
|
| 701 |
|
1 |
|a Малышева
|b О. Г.
|
| 701 |
|
1 |
|a Пихоя
|b Р. Г.
|
| 702 |
|
1 |
|a Пихоя
|b Р. Г.
|4 340
|
| 712 |
0 |
2 |
|a Российская Академия Государственной службы при Президенте РФ
|2 stltpush
|3 (RuTPU)RU\TPU\col\921
|
| 712 |
0 |
2 |
|a Северо-Кавказская академия государственной службы
|2 stltpush
|3 (RuTPU)RU\TPU\col\1961
|
| 712 |
0 |
2 |
|a Волгоградская академия государственной службы
|2 stltpush
|3 (RuTPU)RU\TPU\col\1962
|9 23628
|
| 801 |
|
1 |
|a RU
|b 63413507
|c 20021209
|g PSBO
|
| 801 |
|
2 |
|a RU
|b 63413507
|c 20130816
|g PSBO
|
| 900 |
|
|
|a Государственное и муниципальное управление
|
| 942 |
|
|
|c BK
|
| 952 |
|
|
|a 521500
|b 080100
|